<?xml version="1.0" encoding="UTF-8"?>
<record
    xmlns:xsi="http://www.w3.org/2001/XMLSchema-instance"
    xsi:schemaLocation="http://www.loc.gov/MARC21/slim http://www.loc.gov/standards/marcxml/schema/MARC21slim.xsd"
    xmlns="http://www.loc.gov/MARC21/slim">

  <leader>01449nam a2200337 i 4500</leader>
  <controlfield tag="001">61590</controlfield>
  <controlfield tag="003">ES-MaACL</controlfield>
  <controlfield tag="005">20250824063034.0</controlfield>
  <controlfield tag="007">t|</controlfield>
  <controlfield tag="008">031112e1970    sp a||||rc   s00110dspa  </controlfield>
  <datafield tag="017" ind1=" " ind2=" ">
    <subfield code="a">GR 300-1970 </subfield>
    <subfield code="b">Oficina Dep&#xF3;sito Legal Granada </subfield>
  </datafield>
  <datafield tag="040" ind1=" " ind2=" ">
    <subfield code="c">ES-MaACL</subfield>
  </datafield>
  <datafield tag="080" ind1=" " ind2=" ">
    <subfield code="a">75(460):061.43(460.357 G.)"1970" </subfield>
  </datafield>
  <datafield tag="080" ind1=" " ind2=" ">
    <subfield code="a">73(460):061.43(460.357 G.)"1970" </subfield>
  </datafield>
  <datafield tag="080" ind1=" " ind2=" ">
    <subfield code="a">76(460):061.43(460.357 G.)"1970" </subfield>
  </datafield>
  <datafield tag="111" ind1="2" ind2=" ">
    <subfield code="a">Exposici&#xF3;n Antol&#xF3;gica de Artistas Premiados</subfield>
    <subfield code="d">(1970.</subfield>
    <subfield code="c">Madrid) </subfield>
    <subfield code="9">242005</subfield>
  </datafield>
  <datafield tag="245" ind1="0" ind2="0">
    <subfield code="a">Exposici&#xF3;n Antol&#xF3;gica de Artistas Premiados, 1957-1970 :</subfield>
    <subfield code="b">pintura, escultura, grabado, Madrid, octubre 1970</subfield>
  </datafield>
  <datafield tag="260" ind1=" " ind2=" ">
    <subfield code="a">[Granada : </subfield>
    <subfield code="b">s.n.,</subfield>
    <subfield code="c">1970]</subfield>
  </datafield>
  <datafield tag="300" ind1=" " ind2=" ">
    <subfield code="a">52 hojas : </subfield>
    <subfield code="b">ilustraciones ; </subfield>
    <subfield code="c">25 cm</subfield>
  </datafield>
  <datafield tag="594" ind1=" " ind2=" ">
    <subfield code="a">Precede al t&#xED;tulo: Ministerio de Educaci&#xF3;n y Ciencia. Direcci&#xF3;n General de Bellas Artes. Comisar&#xED;a de Exposiciones. Fundaci&#xF3;n Rodr&#xED;guez-Acosta </subfield>
  </datafield>
  <datafield tag="650" ind1=" " ind2="4">
    <subfield code="a">Pintura espa&#xF1;ola-</subfield>
    <subfield code="y">S.XX-</subfield>
    <subfield code="v">Exposiciones</subfield>
    <subfield code="9">16043</subfield>
  </datafield>
  <datafield tag="650" ind1=" " ind2="4">
    <subfield code="a">Escultura espa&#xF1;ola-</subfield>
    <subfield code="y">S.XX-</subfield>
    <subfield code="v">Exposiciones</subfield>
    <subfield code="9">12438</subfield>
  </datafield>
  <datafield tag="650" ind1=" " ind2="4">
    <subfield code="a">Grabado espa&#xF1;ol-</subfield>
    <subfield code="y">S.XX-</subfield>
    <subfield code="v">Exposiciones</subfield>
    <subfield code="9">162661</subfield>
  </datafield>
  <datafield tag="655" ind1=" " ind2="7">
    <subfield code="a">Cat&#xE1;logos de exposiciones</subfield>
    <subfield code="2">tgfbne</subfield>
    <subfield code="9">193628</subfield>
  </datafield>
  <datafield tag="710" ind1="1" ind2=" ">
    <subfield code="a">Espa&#xF1;a. </subfield>
    <subfield code="b">Comisar&#xED;a General de Exposiciones</subfield>
    <subfield code="e">isb</subfield>
    <subfield code="9">3633</subfield>
  </datafield>
  <datafield tag="710" ind1="2" ind2=" ">
    <subfield code="a">Fundaci&#xF3;n Rodr&#xED;guez-Acosta </subfield>
    <subfield code="e">isb</subfield>
    <subfield code="9">4407</subfield>
  </datafield>
  <datafield tag="852" ind1="4" ind2=" ">
    <subfield code="a">ES-MaACL</subfield>
    <subfield code="b">R.75697</subfield>
    <subfield code="c">DEPO2</subfield>
    <subfield code="j">C-41272 </subfield>
  </datafield>
  <datafield tag="942" ind1=" " ind2=" ">
    <subfield code="c">MONOGRAFIA</subfield>
    <subfield code="n">0</subfield>
  </datafield>
  <datafield tag="999" ind1=" " ind2=" ">
    <subfield code="c">61590</subfield>
    <subfield code="d">61590</subfield>
  </datafield>
  <datafield tag="952" ind1=" " ind2=" ">
    <subfield code="0">0</subfield>
    <subfield code="1">0</subfield>
    <subfield code="4">0</subfield>
    <subfield code="7">0</subfield>
    <subfield code="a">ATENEOM</subfield>
    <subfield code="b">ATENEOM</subfield>
    <subfield code="c">DEPO2</subfield>
    <subfield code="d">2008-01-17</subfield>
    <subfield code="e">SC</subfield>
    <subfield code="l">0</subfield>
    <subfield code="o">C-41272</subfield>
    <subfield code="p">1064579</subfield>
    <subfield code="r">2023-02-23 00:00:00</subfield>
    <subfield code="w">2023-02-23</subfield>
    <subfield code="y">MONOGRAFIA</subfield>
  </datafield>
</record>
